| 000 | 00546nam a2200205 4500 | ||
|---|---|---|---|
| 003 | IIN | ||
| 005 | 20240713151050.0 | ||
| 008 | 231217s9999 xx 000 0 und d | ||
| 020 |
_a9789351526551 (pbk) _cRs.225.00 |
||
| 040 |
_aIIN _bEnglish |
||
| 082 |
_a610.730285 _bKUM |
||
| 100 | 1 | _aKumar, Ashok | |
| 245 | 1 |
_aComputer for Nurses _cAshok Kumar, Sunil Kumar and Chanchal Garg |
|
| 260 |
_aNew Delhi _bJaypee _c2021. |
||
| 300 | _axii, 107 p. | ||
| 650 | 1 | _aComputer | |
| 700 | 1 | _aKumar, Sunil | |
| 700 | 1 | _aGarg, Chanchal | |
| 942 | _cBOOK | ||
| 999 |
_c1653 _d1653 |
||